Statistics for Arkansas Basketball: Top 10 All-Time Leaders

Click here to take the quiz!

General Stats

  • This quiz has been taken 25 times
    (0 since last reset)
  • The average score is 0 of 92

Answer Stats

Categorym#PlayerAmount% Correct
Points Per Game7Almer Lee17.2
0%
Field Goal Percent10Alvin Robertson52.2%
0%
Assists7Alvin Robertson341
0%
Steals7Alvin Robertson217
0%
Blocks4Andrew Lang252
0%
Rebounds7Andrew Lang690
0%
Three Pointers Made4Anthlon Bell237
0%
Field Goal Percent9Bobby Portis52.6%
0%
StealsT5Clint McDaniel226
0%
Assists3Corey Beck483
0%
Field Goal Percent4Corliss Williamson58.3%
0%
Points Per Game2Corliss Williamson19.0
0%
Points8Corliss Williamson1,728
0%
Blocks6Daniel Gafford141
0%
Field Goal Percent7Darian Townes54.2%
0%
Blocks5Darian Townes194
0%
GamesT4Darian Townes132
0%
Steals3Darrell Walker259
0%
GamesT4Davonte Davis132
0%
Assists9Davonte Davis314
0%
Rebounds4Dean Tolson845
0%
Points Per Game4Dean Tolson18.3
0%
BlocksT10Delvon Johnson107
0%
Games9Derek Hood131
0%
Rebounds2Derek Hood1,002
0%
Three Pointers Made10Dusty Hannahs155
0%
Three Pointers Made9Eric Ferguson160
0%
Assists4Eric Ferguson379
0%
AssistsT10Gary Ervin303
0%
Blocks9Hunter Mickelson108
0%
Three Pointers Made7Isaiah Joe207
0%
Three Pointers Made8Jannero Pargo168
0%
Points6Joe Kleine1,753
0%
Field Goal Percent3Joe Kleine58.5%
0%
Points Per Game5Joe Kleine18.1
0%
Rebounds5Joe Kleine806
0%
Games10Kareem Reid131
0%
Assists1Kareem Reid748
0%
Steals4Kareem Reid251
0%
Steals10Keith Wilson188
0%
AssistsT10Keith Wilson303
0%
Blocks8Larry Satchell111
0%
Three Pointers Made6Lee Mayberry218
0%
Games1Lee Mayberry139
0%
Points3Lee Mayberry1,940
0%
Assists2Lee Mayberry729
0%
Steals1Lee Mayberry291
0%
Points Per Game1Martin Terry26.3
0%
Points7Marvin Delph1,742
0%
Field Goal Percent8Marvin Delph52.9%
0%
Points Per Game6Mason Jones17.6
0%
Rebounds10Mike Washington651
0%
BlocksT10Mike Washington107
0%
Games3Moses Kingsley136
0%
Blocks3Moses Kingsley256
0%
Rebounds6Moses Kingsley768
0%
Blocks7Nick Davis130
0%
Games2Oliver Miller137
0%
Blocks1Oliver Miller345
0%
Points9Oliver Miller1,674
0%
Rebounds3Oliver Miller886
0%
Field Goal Percent1Oliver Miller63.6%
0%
GamesT4Pat Bradley132
0%
Three Pointers Made1Pat Bradley366
0%
Points5Pat Bradley1,765
0%
GamesT4Rashad Madden132
0%
Assists5Rashad Madden369
0%
Field Goal Percent5Ron Brewer56.6%
0%
Points Per Game10Ron Brewer15.8
0%
Steals9Ron Huery207
0%
Assists6Ron Huery351
0%
Steals8Ronnie Brewer216
0%
Three Pointers Made2Rotnei Clarke274
0%
Points4Scott Hastings1,779
0%
Rebounds8Scott Hastings680
0%
Field Goal Percent6Scott Hastings54.4%
0%
Points Per Game9Scotty Thurman16.2
0%
Points10Scotty Thurman1,650
0%
Three Pointers Made3Scotty Thurman267
0%
Field Goal Percent2Sidney Moncrief60.6%
0%
Rebounds1Sidney Moncrief1,015
0%
Points Per Game8Sidney Moncrief16.9
0%
Points2Sidney Moncrief2,066
0%
Blocks2Steven Hill318
0%
GamesT4Steven Hill132
0%
StealsT5T.J. Cleveland226
0%
Points Per Game3Todd Day18.9
0%
Rebounds9Todd Day673
0%
Three Pointers Made5Todd Day226
0%
Assists8Todd Day319
0%
Steals2Todd Day271
0%
Points1Todd Day2,395
0%

Score Distribution

Percentile by Number Answered

Percent of People with Each Score

Your Score History

You have not taken this quiz since the last reset